000 00613nam a2200205Ii 4500
003 JO-AjNU
008 230605s9999||||xx |||||||||||||| ||und||
017 _a82/2968
040 _aJO-AjNU
_bara
_erda
_cJO-AjNU
041 _aara
050 1 4 _aB741.L8672.1982
100 3 _aلوقا، نظمي,
_eauthor
_935328
245 0 0 _aالحقيقة عند فلاسفة المسلمين
264 3 1 _aد.م:مكتبة غريب ،1982
300 _a189ص
336 _atext
_btxt
_2rdacontent
337 _aunmediated
_bn
_2rdamedia
338 _avolume
_bnc
_2rdacarrier
650 4 _aفلسفة اسلامية
_935329
999 _aA14574
_c18142
_d18142